000 00358nam a2200145Ia 4500
008 230711s9999||||xx |||||||||||||| ||und||
041 _aENG
082 _a624
_bAC-E
100 _aAcademiet V
245 0 _aEarthquake engineering for large dams
250 _a1st
260 _c1990
_aNew Delhi
_bJohn Wiley & Sons.Inc
650 _aCivil Engineering
942 _cBK
999 _c75
_d75